Alcohol misuse and kidney injury epidemiological evidence and potential mechanisms /

Elmentve itt :
Bibliográfiai részletek
Szerzők: Varga Zoltán
Mátyás Csaba
Pálóczi János
Pacher Pál
Dokumentumtípus: Cikk
Megjelent: 2017
Sorozat:ALCOHOL RESEARCH-CURRENT REVIEWS 38 No. 2
mtmt:3256571
Online Access:http://publicatio.bibl.u-szeged.hu/13600
LEADER 00783nab a2200217 i 4500
001 publ13600
005 20180706150850.0
008 180706s2017 hu o 0|| zxx d
022 |a 2168-3492 
024 7 |a 3256571  |2 mtmt 
040 |a SZTE Publicatio Repozitórium  |b hun 
041 |a zxx 
100 1 |a Varga Zoltán 
245 1 0 |a Alcohol misuse and kidney injury  |h [elektronikus dokumentum] :  |b epidemiological evidence and potential mechanisms /  |c  Varga Zoltán 
260 |c 2017 
300 |a 283-288 
490 0 |a ALCOHOL RESEARCH-CURRENT REVIEWS  |v 38 No. 2 
700 0 1 |a Mátyás Csaba  |e aut 
700 0 1 |a Pálóczi János  |e aut 
700 0 1 |a Pacher Pál  |e aut 
856 4 0 |u http://publicatio.bibl.u-szeged.hu/13600/1/Z.V.%20Varga%20AlcoholResearchCurrent%20Reviews_2017.pdf  |z Dokumentum-elérés